| 000 | 00367nam a22001217a 4500 | ||
|---|---|---|---|
| 022 | _29781624102608 | ||
| 082 |
_a629.1 _bVAS |
||
| 100 |
_aVasile, Massimiliano _9110991 |
||
| 245 |
_aComputational intelligence in Aerospace Science / _cMassimiliano Vasile & Victor M Becerra |
||
| 260 |
_aGeorgia, _bAIAA, _c2014. |
||
| 300 |
_a844p; ; _bHardbinding |
||
| 942 |
_2ddc _cBK |
||
| 999 |
_c594009 _d594009 |
||